000 00994nac a22002777a 4500
001 BR8102843
003 BR-BrBNA
005 20240105114956.0
008 230509b bl.|||m| |||| 00| 0 por d
040 _aBR-BrBNA
_bpor
_cBiblioteca Nacional de Agricultura
072 _aH10
090 _a0311 BR8102843
110 1 _aDelegacia Federal de Agricultura em Alagoas, Maceio (Brasil)
_93076
245 1 _aIndicacao das principais pragas dos coqueirais de Alagoas [Cocos nucifera; Broca; Inseto; Acaro; Brasil]
246 1 _a[Indication of the main pests of coconut plantations in Alagoas [Cocos nucifera; Borer; Insect; Aphid; Brazil]]
260 3 _aMaceio, AL (Brasil):
_c1981.
300 _a18 p.
490 _aInforme SERDV - Delegacia Federal de Agricultura em Alagoas (Brazil)
_vno. 1
_x
650 _aPraga de planta
650 _aCoco
650 _aInseto
650 _aAcaro
650 _aAlagoas
909 _a202312
_bLúcia Elande
_c55
_dLúcia Elande
942 _2AGRIS
_n0
_cMS
999 _c272350
_d272350